Mitla (Record no. 6512)

MARC details
000 -CABECERA
campo de control de longitud fija 01150nam a2200277 a 4500
001 - NÚMERO DE CONTROL
campo de control BRCA_6829
005 - FECHA Y HORA DE LA ÚLTIMA TRANSACCIÓN
campo de control 20190320205617.0
008 - DATOS DE LONGITUD FIJA--INFORMACIÓN GENERAL
campo de control de longitud fija 081111s1858----enka######---#000-0#eng-#
041 ## - CÓDIGO DE LENGUA
Código de lengua del texto/banda sonora o título independiente eng
044 ## - CÓDIGO DEL PAÍS DE LA ENTIDAD EDITORA/PRODUCTORA
Código MARC del país enk
050 #4 - SIGNATURA TOPOGRÁFICA DE LA BIBLIOTECA DEL CONGRESO
Número de clasificación F1213
-- .T45 1858
245 10 - MENCIÓN DE TÍTULO
Título Mitla
Resto del título a narrative of incidents and personal adventures on a journey in Mexico, Guatemala, and Salvador in the years 1853 to 1855 with observations on the modes of life in those countries
Mención de responsabilidad, etc. by G. F. Tempsky ; edited by J. S. Bell
260 ## - PUBLICACIÓN, DISTRIBUCIÓN, ETC.
Lugar de publicación, distribución, etc. Londres
Nombre del editor, distribuidor, etc. Longman, Brown, Green, Loangman & Roberts
Fecha de publicación, distribución, etc. 1858
300 ## - DESCRIPCIÓN FÍSICA
Extensión xv, 439 p.
Otras características físicas il., 16 láminas (algunas a color), mapas
Dimensiones 23 cm.
500 ## - NOTA GENERAL
Nota general Estado físico: lomo deteriorado, cubiertas maltratadas y algunas páginas desprendidas
500 ## - NOTA GENERAL
Nota general O8
650 14 - PUNTO DE ACCESO ADICIONAL DE MATERIA--TÉRMINO DE MATERIA
Término de materia o nombre geográfico como elemento de entrada Viajeros alemanes
9 (RLIN) 7026
651 #4 - PUNTO DE ACCESO ADICIONAL DE MATERIA--NOMBRE GEOGRÁFICO
Nombre geográfico México
Subdivisión general Descripción y viajes
9 (RLIN) 103
651 #4 - PUNTO DE ACCESO ADICIONAL DE MATERIA--NOMBRE GEOGRÁFICO
Nombre geográfico Guatemala
Subdivisión general Descripción y viajes
9 (RLIN) 675
651 #4 - PUNTO DE ACCESO ADICIONAL DE MATERIA--NOMBRE GEOGRÁFICO
Nombre geográfico El Salvador
Subdivisión general Descripción y viajes
9 (RLIN) 676
651 #4 - PUNTO DE ACCESO ADICIONAL DE MATERIA--NOMBRE GEOGRÁFICO
Nombre geográfico Mitla, Oaxaca
Subdivisión general Descripción y viajes
9 (RLIN) 17029
700 1# - PUNTO DE ACCESO ADICIONAL--NOMBRE DE PERSONA
Nombre de persona Tempsky, G. F.
Término indicativo de función/relación aut.
9 (RLIN) 17030
700 1# - PUNTO DE ACCESO ADICIONAL--NOMBRE DE PERSONA
Nombre de persona Bell, James Stanislases
Término indicativo de función/relación ed.
9 (RLIN) 17031
902 ## - CATALOGADOR
Iniciales GFM
942 ## - ELEMENTOS DE PUNTO DE ACCESO ADICIONAL (KOHA)
Fuente del sistema de clasificación o colocación Library of Congress Classification
Tipo de ítem Koha Libros
Holdings
Estado de retiro Estado de pérdida Estado dañado No para préstamo Localización permanente Ubicación/localización actual Fecha de adquisición Número de inventario Total de préstamos Signatura topográfica completa Código de barras Fecha visto por última vez Precio válido a partir de Tipo de ítem Koha
El ejemplar forma parte de la colección y puede ser consultado según las políticas vigentes.       Biblioteca del Museo Franz Mayer (Rogerio Casas-Alatriste) Biblioteca del Museo Franz Mayer (Rogerio Casas-Alatriste) 08/11/2011 O8   F1213 .T45 1858 (O8) 7277 22/03/2019 22/03/2019 Libros